Implementación de un servidor SIG para dar acceso a la información predial, georreferenciada y actualizada de la Municipalidad de Alajuelita usando software de código abierto y libre
Uloženo v:
| Hlavní autor: | |
|---|---|
| Další autoři: | |
| Médium: | Kniha |
| Jazyk: | Spanish |
| Vydáno: |
[San José, Costa Rica]
2020
|
| Témata: | |
| Tagy: |
Přidat tag
Žádné tagy, Buďte první, kdo vytvoří štítek k tomuto záznamu!
|
MARC
| LEADER | 00000nam a2200000Ia 4500 | ||
|---|---|---|---|
| 003 | 013264 | ||
| 005 | 20230111101317.0 | ||
| 008 | 140114s2021 cr a 000 ||spa d | ||
| 040 | |c cru CEDI | ||
| 100 | |a Cordero Aguilar, Emperatriz, 1992- |9 459 | ||
| 245 | |a Implementación de un servidor SIG para dar acceso a la información predial, georreferenciada y actualizada de la Municipalidad de Alajuelita usando software de código abierto y libre | ||
| 260 | |a [San José, Costa Rica] |c 2020 | ||
| 500 | |a Práctica dirigida (licenciatura en ingeniería topográfica)--Universidad de Costa Rica. Facultad de Ingeniería. Escuela de Ingeniería Topográfica | ||
| 501 | |a Director de Práctica de Graduación: Ing. Alexander Cerdas Hernández, M.Sc. | ||
| 650 | |x BIENES RAICES |x QGIS (PROGRAMAS PARA COMPUTADORA) |x POSTGRESQL |x CARTOGRAFIA |x PROGRAMAS PARA COMPUTADORA DE CODIGO ABIERTO |x ADMINISTRACION DE BASES DE DATOS |x SERVICIOS MUNICIPALES-BASES DE DATOS |x SISTEMAS DE INFORMACION GEOGRAFICA |x MUNICIPALIDAD DE ALAJUELITA (COSTA RICA) | ||
| 700 | |9 460 |a Cerdas Hernández, Alexander, 1981- |d Director del TFG | ||
| 942 | |c TFG | ||
| 999 | |c 22110 |d 22110 | ||
